000 00638nam a2200229Ia 4500
003 OSt
005 20220918201226.0
006 a|||||r|||| 00| 0
007 ta
008 220917b |||||||| |||| 00| 0 eng d
024 _a92,487
037 _cTextual
040 _aARTS
_cARTS
_beng
041 _2eng
_aeng
082 _aV:(R), N0
100 _aCarroll David ed
_95075
245 0 _aStates of theory
_b history arts and critical dsiscourse
260 _aStanford
_bStanford Univ Press
_c1994
650 _aHISTORY; PHILOSOPHY
_918519
942 _hV:(R), N0
_cTEXL
_2CC
999 _c216140
_d216140